| 000 | 02545cam a22003734a 4500 | ||
|---|---|---|---|
| 001 | 16932448 | ||
| 005 | 20170105102905.0 | ||
| 008 | 110823s2012 enka b 001 0 eng | ||
| 010 | _a 2011034786 | ||
| 015 |
_aGBB1B8261 _2bnb |
||
| 016 | 7 |
_a015946812 _2Uk |
|
| 020 | _a9780415693721 (hbk.) | ||
| 020 | _a9780203127148 (ebk.) | ||
| 035 | _a(OCoLC)ocn731925272 | ||
| 040 |
_aDLC _beng _cDLC _dYDX _dBTCTA _dYDXCP _dCDX _dUKMGB _dE7B _dOCLCQ _dAU@ _dBWX _dOCLCO _dDLC |
||
| 042 | _apcc | ||
| 050 | 0 | 0 |
_aJZ5595 _b.H96 2012 |
| 082 | 0 | 0 |
_a355/.033 _223 |
| 100 | 1 | _aHynek, Nik. | |
| 245 | 1 | 0 |
_aHuman security as statecraft : _bstructural conditions, articulations and unintended consequences / _cNik Hynek. |
| 260 |
_aAbingdon, Oxon ; _aNew York : _bRoutledge, _c2012. |
||
| 300 |
_axiv, 241 p. : _bill. ; _c24 cm. |
||
| 490 | 1 |
_aRoutledge critical security studies series ; _v[8] |
|
| 504 | _aIncludes bibliographical references and index. | ||
| 505 | 0 | _aContents note continued: External militarisation and sovereign biopolitics -- Afghan neutralisation and counter-terrorism domestication -- Neo-liberalised `humanitarianism' and the proliferation of risk management -- 6.Structural conditions for Japanese continuity -- Domestic orthodoxies as conditions for fundamental continuity -- Foreign- and security-policy orthodoxies as moulding conditions -- Developments in the domestic economy of power -- Neo-mercantile developmentalist governmentality as foreign and security policy -- 7.Japanese human security as a continuing politics of convergence -- `Comprehensive national security' as the master convergence -- Bureaucratic construction of the Japanese Human Security Programme -- From programme to assemblage: Japanese appropriation of human security through the United Nations -- 8.Domopolitical assemblage of Japanese human security -- Convergence and domopolitics as complementary diagrams of power -- | |
| 505 | 0 | _aContents note continued: Delivering post-conflict peace: human security replaces the military war machine -- Producing Human (in)security: rebuilding their homes, denying their entrance -- Domopolitical administration of NGOs: from Kobe to Afghanistan and beyond. | |
| 650 | 0 | _aSecurity, International. | |
| 650 | 0 | _aInternational relations. | |
| 650 | 0 | _aHuman security. | |
| 830 | 0 |
_aRoutledge critical security studies series ; _v8. |
|
| 906 |
_a7 _bcbc _corignew _d1 _eecip _f20 _gy-gencatlg |
||
| 942 |
_2ddc _cBK |
||
| 999 |
_c14837 _d14837 |
||